000 00599nam a2200217Ia 4500
005 20241129120152.0
008 241129s9999||||xx |||||||||||||| ||und||
020 _a9789357021968
037 _aTB
040 _aSDCL
_beng
_cSDCL
041 _aeng
_2eng
084 _aV2y7N32, R3
_qSDCL
100 _aSeshan T. N.
245 0 _aThrough the broken glass: An autobiography
260 _aNew Delhi
_bRupa Publications
_c2023
300 _aviii,357p.
365 _aINR
_b795
650 _aBusiness Economics and Finance
942 _cTB
_hV2y7N32, R3
999 _c1233642
_d1233642